| 000 | 00674nam a2200217Ii 4500 | ||
|---|---|---|---|
| 003 | JO-AjNU | ||
| 008 | 230606s9999||||xx |||||||||||||| ||und|| | ||
| 017 | _a2003/9/1901 | ||
| 040 |
_aJO-AjNU _beng _erda _cJO-AjNU |
||
| 041 | _aeng | ||
| 050 | 1 | 4 | _aPE1130 2003 |
| 100 | 3 |
_aتاليف المطلبي، عمار يوسف, _eauthor _93522 |
|
| 245 | 0 | 0 | _aتعلم قواعد اللغة الإنجليزية بسهولة |
| 250 | _a1 ed | ||
| 264 | 3 | 1 | _aعمان: دار الثقافة، 2003 |
| 300 | _a107p | ||
| 336 |
_atext _btxt _2rdacontent |
||
| 337 |
_aunmediated _bn _2rdamedia |
||
| 338 |
_avolume _bnc _2rdacarrier |
||
| 650 | 4 |
_aEnglish Grammar - Grammar _93523 |
|
| 999 |
_aE1838 _c1838 _d1838 |
||